<?xml version="1.0" encoding="UTF-8"?>
<record
    xmlns:xsi="http://www.w3.org/2001/XMLSchema-instance"
    xsi:schemaLocation="http://www.loc.gov/MARC21/slim http://www.loc.gov/standards/marcxml/schema/MARC21slim.xsd"
    xmlns="http://www.loc.gov/MARC21/slim">

  <leader>02838cam a2200505 i 4500</leader>
  <controlfield tag="001">0005320371</controlfield>
  <controlfield tag="003">OSt</controlfield>
  <controlfield tag="005">20260609203827.0</controlfield>
  <controlfield tag="007">ta</controlfield>
  <controlfield tag="008">160907t20162016fr            000 f fre  </controlfield>
  <datafield tag="020" ind1=" " ind2=" ">
    <subfield code="a">9782749924052 (broch&#xEF;&#xBF;&#xBD;)</subfield>
  </datafield>
  <datafield tag="024" ind1="3" ind2=" ">
    <subfield code="a">9782749924052</subfield>
  </datafield>
  <datafield tag="040" ind1=" " ind2=" ">
    <subfield code="a">SDM</subfield>
    <subfield code="b">fre</subfield>
    <subfield code="e">rda</subfield>
    <subfield code="d">SQTD</subfield>
    <subfield code="d">QMBND</subfield>
  </datafield>
  <datafield tag="041" ind1="1" ind2=" ">
    <subfield code="a">fre</subfield>
    <subfield code="h">eng</subfield>
  </datafield>
  <datafield tag="082" ind1="0" ind2="5">
    <subfield code="a">S 7368stm</subfield>
    <subfield code="2">23</subfield>
  </datafield>
  <datafield tag="091" ind1="0" ind2=" ">
    <subfield code="a">Sparks</subfield>
  </datafield>
  <datafield tag="100" ind1="1" ind2=" ">
    <subfield code="a">Sparks, Nicholas</subfield>
    <subfield code="e">auteur.</subfield>
  </datafield>
  <datafield tag="240" ind1="1" ind2="0">
    <subfield code="a">See me.</subfield>
    <subfield code="l">Fran&#xEF;&#xBF;&#xBD;ais</subfield>
  </datafield>
  <datafield tag="245" ind1="1" ind2="0">
    <subfield code="a">Si tu me voyais comme je te vois /</subfield>
    <subfield code="c">Nicholas Sparks ; traduit de l'anglais (&#xEF;&#xBF;&#xBD;tats-Unis) par Emmanuel Chastelli&#xEF;&#xBF;&#xBD;re.</subfield>
  </datafield>
  <datafield tag="264" ind1=" " ind2="1">
    <subfield code="a">Neuilly-sur-Seine :</subfield>
    <subfield code="b">Michel Lafon,</subfield>
    <subfield code="c">[2016]</subfield>
  </datafield>
  <datafield tag="264" ind1=" " ind2="4">
    <subfield code="c">&#xEF;&#xBF;&#xBD;2016</subfield>
  </datafield>
  <datafield tag="300" ind1=" " ind2=" ">
    <subfield code="a">491 pages ;</subfield>
    <subfield code="c">25 cm.</subfield>
  </datafield>
  <datafield tag="336" ind1=" " ind2=" ">
    <subfield code="a">texte</subfield>
    <subfield code="b">txt</subfield>
    <subfield code="2">rdacontent</subfield>
  </datafield>
  <datafield tag="337" ind1=" " ind2=" ">
    <subfield code="a">sans m&#xEF;&#xBF;&#xBD;diation</subfield>
    <subfield code="b">n</subfield>
    <subfield code="2">rdamedia</subfield>
  </datafield>
  <datafield tag="338" ind1=" " ind2=" ">
    <subfield code="a">volume</subfield>
    <subfield code="b">nc</subfield>
    <subfield code="2">rdacarrier</subfield>
  </datafield>
  <datafield tag="500" ind1=" " ind2=" ">
    <subfield code="a">&#xEF;&#xBF;&#xBD;dition de langue anglaise &#xEF;&#xBF;&#xBD;2015.</subfield>
  </datafield>
  <datafield tag="500" ind1=" " ind2=" ">
    <subfield code="a">"Roman"--Couverture.</subfield>
  </datafield>
  <datafield tag="500" ind1=" " ind2=" ">
    <subfield code="a">"Et s'il suffisait d'un regard?"--Couverture.</subfield>
  </datafield>
  <datafield tag="520" ind1=" " ind2=" ">
    <subfield code="a">Colin Hancock joue sa derni&#xE8;re chance. &#xC0; 28 ans, son pass&#xE9; est une succession de drames et de mauvais choix. Au moindre faux pas, c'est le retour &#xE0; la prison qui l'attend. Bien d&#xE9;cid&#xE9; &#xE0; changer de vie, il se consacre &#xE0; corps perdu &#xE0; ses &#xE9;tudes, du moins jusqu'&#xE0; ce que l'amour s'en m&#xEA;le.. Enfant d'immigr&#xE9;s, Maria Sanchez s'est faite toute seule et est devenue une brillante et ambitieuse avocate. Cette beaut&#xE9; brune peut &#xEA;tre fi&#xE8;re de son parcours sans faute. Pourtant, quand ressurgissent les blessures du pass&#xE9;, la voil&#xE0; contrainte de tout quitter pour se r&#xE9;fugier aupr&#xE8;s des siens.. Mais l'amour surgit sans crier gare... Une rencontre fortuite sur une route pluvieuse va bouleverser le destin de ces deux jeunes gens tourment&#xE9;s. Face au spectre de la violence et de la haine, leur amour qui d&#xE9;fie tous les pronostics pourra-t-il &#xEA;tre assez fort pour les sauver ?.</subfield>
  </datafield>
  <datafield tag="650" ind1=" " ind2="6">
    <subfield code="a">Enseignants</subfield>
    <subfield code="v">Romans, nouvelles, etc.</subfield>
  </datafield>
  <datafield tag="650" ind1=" " ind2="6">
    <subfield code="a">Avocates</subfield>
    <subfield code="v">Romans, nouvelles, etc.</subfield>
  </datafield>
  <datafield tag="650" ind1=" " ind2="6">
    <subfield code="a">Am&#xEF;&#xBF;&#xBD;ricaines d'origine mexicaine</subfield>
    <subfield code="v">Romans, nouvelles, etc.</subfield>
  </datafield>
  <datafield tag="650" ind1=" " ind2="6">
    <subfield code="a">Attraction interpersonnelle</subfield>
    <subfield code="v">Romans, nouvelles, etc.</subfield>
  </datafield>
  <datafield tag="650" ind1=" " ind2="6">
    <subfield code="a">Choix (Psychologie)</subfield>
    <subfield code="v">Romans, nouvelles, etc.</subfield>
  </datafield>
  <datafield tag="650" ind1=" " ind2="6">
    <subfield code="a">&#xEF;&#xBF;&#xBD;v&#xEF;&#xBF;&#xBD;nements stressants de la vie</subfield>
    <subfield code="v">Romans, nouvelles, etc.</subfield>
  </datafield>
  <datafield tag="650" ind1=" " ind2="6">
    <subfield code="a">Secret</subfield>
    <subfield code="v">Romans, nouvelles, etc.</subfield>
  </datafield>
  <datafield tag="650" ind1=" " ind2="6">
    <subfield code="a">Violence</subfield>
    <subfield code="v">Romans, nouvelles, etc.</subfield>
  </datafield>
  <datafield tag="651" ind1=" " ind2="6">
    <subfield code="a">Caroline du Nord</subfield>
    <subfield code="v">Romans, nouvelles, etc.</subfield>
  </datafield>
  <datafield tag="655" ind1=" " ind2="7">
    <subfield code="a">Romans sentimentaux</subfield>
    <subfield code="2">rvmgf</subfield>
  </datafield>
  <datafield tag="655" ind1=" " ind2="7">
    <subfield code="a">Romans am&#xEF;&#xBF;&#xBD;ricains</subfield>
    <subfield code="y">21e si&#xEF;&#xBF;&#xBD;cle</subfield>
    <subfield code="2">local</subfield>
  </datafield>
  <datafield tag="700" ind1="1" ind2=" ">
    <subfield code="i">Traduction de :</subfield>
    <subfield code="a">Sparks, Nicholas</subfield>
    <subfield code="t">See me.</subfield>
  </datafield>
  <datafield tag="700" ind1="1" ind2=" ">
    <subfield code="a">Chastelli&#xEF;&#xBF;&#xBD;re, Emmanuel</subfield>
    <subfield code="e">traducteur</subfield>
  </datafield>
  <datafield tag="942" ind1=" " ind2=" ">
    <subfield code="2">ddc</subfield>
    <subfield code="c">ROM ADULTE</subfield>
  </datafield>
  <datafield tag="999" ind1=" " ind2=" ">
    <subfield code="c">18891</subfield>
    <subfield code="d">18891</subfield>
  </datafield>
  <datafield tag="952" ind1=" " ind2=" ">
    <subfield code="0">0</subfield>
    <subfield code="1">0</subfield>
    <subfield code="2">ddc</subfield>
    <subfield code="4">0</subfield>
    <subfield code="7">0</subfield>
    <subfield code="a">HENRYVILLE</subfield>
    <subfield code="b">HENRYVILLE</subfield>
    <subfield code="d">2026-06-09</subfield>
    <subfield code="l">0</subfield>
    <subfield code="o">S 7368stm</subfield>
    <subfield code="p">30001030039111</subfield>
    <subfield code="r">2026-06-09 20:38:45</subfield>
    <subfield code="w">2026-06-09</subfield>
    <subfield code="y">ROM ADULTE</subfield>
  </datafield>
</record>
